Propuestas para la construcción de las obras del Puerto de Valparaíso

Сохранить в:
Библиографические подробности
Соавтор: Ministerio de Hacienda (Автор)
Формат:
Язык:испанский
Опубликовано: Santiago Imprenta, Litografía y Encuadernación Barcelona 1906
Редактирование:1a. ed
Предметы:
Метки: Добавить метку
Нет меток, Требуется 1-ая метка записи!

MARC

LEADER 00000nam a2200000 a 4500
001 UCJ5844
003 CL-VaPUC
008 070124e19060000CL |||||||||||||||||spa|d
082 0 4 |a 983  |b MIN  |2 21 
110 2 |a Ministerio de Hacienda  |e author  |9 511673 
245 1 0 |a Propuestas para la construcción de las obras del Puerto de Valparaíso 
250 |a 1a. ed 
300 |a 104 p 
651 0 |a Valparaíso, Chile  |9 261144 
942 |c BK 
945 |d 20070124 00:00:00  |a rinostro 
260 |a Santiago  |b Imprenta, Litografía y Encuadernación Barcelona  |c 1906 
500 |a Planos y dibujos de ingeniería 
600 0 7 |a JACKSON, JOHN  |2 CL-VaPUC  |9 511674 
600 0 7 |a RIESCO, GERMAN  |2 CL-VaPUC  |9 268139 
600 0 |a Kraus, Jacob  |d 1861-1951  |9 507521 
600 0 7 |a BERTRAND, ALEJANDRO  |2 CL-VaPUC  |9 504548 
600 0 7 |a NAYLOR, JUAN E.  |2 CL-VaPUC  |9 511675 
600 0 7 |a VOLKER, L.  |2 CL-VaPUC  |9 511676 
650 0 |a Obras públicas  |9 261125 
650 0 |a Ingeniería   |9 259380 
650 0 |a Puertos  |9 260105 
650 7 |a DOCUMENTOS  |2 CL-VaPUC  |9 366450 
650 7 |a PLANOS  |2 CL-VaPUC  |9 260106 
650 0 |a Historia de Chile  |9 265473 
583 |a last modification  |c 20070124 00:00:00  |k Rodrigo Vera 
999 |c 321952  |d 321950 
952 |0 0  |1 0  |4 0  |6 983_000000000000000_MIN_1906  |7 0  |8 X  |9 400844  |a FDOBUD  |b FDOBUD  |d 2019-11-22  |i 1040383  |o 983 MIN 1906  |p 1040383  |r 2019-11-22  |w 2019-11-22  |y BK_X  |k BUD